000 01882nam a2200589 i 4500
001 41107
003 KOSZ 005
005 20221122125626.0
008 981210s1998 pl a f f |001 0 pol
015 _aUWD 1998/16815
020 _a8301127872
035 _a991008715139705066
035 _a(PL-WaBN)b12251069-48omnis_nlop
035 _ab12251069
035 _a(OCoLC)750005831
035 _a(PL)b0000001225106
035 _a(EXLNZ-48OMNIS_NETWORK)9910417949205606
040 _aWA N
_cWA N
_dKOSZ 005/HR
041 0 _apol
046 _k1998
080 _a579.61
080 _a577.18
080 _a615.3
080 _a(075.8)
100 1 _aChmiel, Aleksander
_eAutor
245 1 0 _aBiotechnologia i chemia antybiotyków /
_cAleksander Chmiel, Stefan Grudziński.
260 _aWarszawa :
_bWydaw. Naukowe PWN,
_c1998.
300 _a371, [1] s. :
_brys., 1 wykr., err. ;
_c24 cm.
336 _aTekst
_btxt
_2rdacontent
337 _aBez urządzenia pośredniczącego
_bn
_2rdamedia
338 _aWolumin
_bnc
_2rdacarrier
380 _aKsiążki
380 _aPublikacje dydaktyczne
385 _mPoziom nauczania
_aSzkoły wyższe
388 _a1901-2000
388 _a1989-2000
504 _aBibliogr. s. 340-342. - Indeksy.
650 7 _aAntybiotyki
_2DBN
650 7 _aChemia
650 7 _aBiotechnologia
_2DBN
650 7 _aSynteza chemiczna
650 7 _aChemia farmaceutyczna
655 7 _aPodręczniki akademickie
_2DBN
658 _aChemia
658 _aMedycyna i zdrowie
658 _aInżynieria i technika
700 1 _aGrudziński, Stefan
_d(1924- )
_eAutor
710 2 _aWydawnictwo Naukowe PWN
_4pbl
856 _uhttp://koha.tu.koszalin.pl/cgi-bin/koha/opac-detail.pl?biblionumber=41107
_yKatalog online BPK
942 _2UKD
_cKS
999 _c41107
_d41107